000 00814nam a2200217 a 4500
001 000040639
005 20201002034253.0
008 130904s1993 sp a r 000 0 spa d
020 _a8447302083
020 _a8447301745 (obra completa)
040 _aDO-SdBNP
_bspa
_cBNPHU
082 _axxxx
_bH392b
100 1 _aHawking, Stephen
_966996
240 1 0 _aA brief history of time. From the big bang to black holes
_lEspañol
245 1 0 _aHistoria del tiempo :
_bdel big bang a los agujeros negros /
_cStephen Hawkin;introducción Miguel Ortuño ; traducción Miguel Ortuño ; introducción Carl Sagan.
260 _aBarcelona :
_bPérez Galdós,
_c1993.
300 _a238 p. :
_bil. ;
_c21 cm.
590 _aInventariado, 2019/BT
700 1 _aOrtuño, Miguel,
_etr.
_966984
700 1 _aSagan, Carl,
_eint..
_966997
999 _c40129
_d40129